LEADER 01185cam2 22003011 450 001 SOBE00035442 005 20130924085404.0 100 $a20130716d1980 |||||ita|0103 ba 101 $aita 102 $aIT 200 1 $a<<2: La >>storia$eSchleiermacher, Marheineke, Baur, Feuerbach, Strauss, Schweizer, Hofmann, Ritschl e altri$fKarl Barth$gintroduzione e cura di Italo Mancini 210 $aMilano$cJaca Book$d1980 215 $aVI, 273 p.$d23 cm 225 2 $aGią e non ancora$v60 410 1$1001LAEC00018012$12001 $a*Gią e non ancora$v60 461 1$1001SOBE00035436$12001 $a<>teologia protestante nel 19. secolo / Karl Barth 700 1$aBarth$b, Karl$3AF00004015$4070$0124507 801 0$aIT$bUNISOB$c20130924$gRICA 850 $aUNISOB 852 $aUNISOB$j200$m46492 852 $aUNISOB$j200$m30845 912 $aSOBE00035442 940 $aM 102 Monografia moderna SBN 941 $aM 957 $a200$b002638$i-2$gSI$d46492$racquisto$1bethb$2UNISOB$3UNISOB$420130716081014.0$520130725114654.0$6bethb 957 $a200$b000018$i-2$gSI$d30845$1rovito$2UNISOB$3UNISOB$420130924084756.0$520130924084853.0$6rovito 996 $aStoria$91084280 997 $aUNISOB LEADER 01452nam 2200529 450 001 9910555006203321 005 20180810083640.0 010 $a1-68367-294-1 010 $a1-68367-051-5 010 $a1-5231-2394-X 010 $a1-68367-024-8 035 $a(CKB)4100000006672946 035 $a(MiAaPQ)EBC5742375 035 $a(PPN)240818571 035 $a(EXLCZ)994100000006672946 100 $a20190418d2019 uy 0 101 0 $aeng 135 $aurcnu|||||||| 181 $ctxt$2rdacontent 182 $cc$2rdamedia 183 $acr$2rdacarrier 200 00$aRegulating with RNA in bacteria and archaea /$fedited by Gisela Storz, Kai Papenfort 210 1$aWashington, District of Columbia :$cASM Press,$d[2019] 210 4$d©2019 215 $a1 online resource (622 pages) 300 $aIncludes index. 311 $a1-68367-023-X 606 $aRNA 606 $aBacteria 606 $aArchaebacteria 606 $aMolecular microbiology 606 $aBacterial genetics 615 0$aRNA. 615 0$aBacteria. 615 0$aArchaebacteria. 615 0$aMolecular microbiology. 615 0$aBacterial genetics. 676 $a572.88 702 $aStorz$b Gisela 702 $aPapenfort$b Kai 801 0$bMiAaPQ 801 1$bMiAaPQ 801 2$bMiAaPQ 906 $aBOOK 912 $a9910555006203321 996 $aRegulating with RNA in bacteria and archaea$92816080 997 $aUNINA